ბათუმის შოთა რუსთაველის სახელმწიფო უნივერსიტეტის ბიბლიოთეკა

Аналитическая геометрия. (ბიბ.ჩანაწერი № 37206)

000 -LEADER
fixed length control field 00615nam a2200217Ia 4500
001 - CONTROL NUMBER
control field 3163
003 - CONTROL NUMBER IDENTIFIER
control field GE_BSU
008 - FIXED-LENGTH DATA ELEMENTS--GENERAL INFORMATION
fixed length control field 181216s||||||||xx |||||||||||||| ||und||
040 ## - CATALOGING SOURCE
Transcribing agency GE_BSU
080 ## - UNIVERSAL DECIMAL CLASSIFICATION NUMBER
Universal Decimal Classification number 514.12
100 ## - MAIN ENTRY--PERSONAL NAME
Personal name Ильин,В.А. Позняк,Э.Г.
245 ## - TITLE STATEMENT
Title Аналитическая геометрия.
245 ## - TITLE STATEMENT
Statement of responsibility, etc. Ред.С.А.Широкова.
250 ## - EDITION STATEMENT
Edition statement Изд. третье, стереотипное.
260 ## - PUBLICATION, DISTRIBUTION, ETC.
Place of publication, distribution, etc. М.
260 ## - PUBLICATION, DISTRIBUTION, ETC.
Name of publisher, distributor, etc. Наука.
260 ## - PUBLICATION, DISTRIBUTION, ETC.
Date of publication, distribution, etc. 1981.
300 ## - PHYSICAL DESCRIPTION
Extent 232 стр.с илл.21см.
653 ## - INDEX TERM--UNCONTROLLED
Uncontrolled term Аналитическая геометрия.
942 ## - ADDED ENTRY ELEMENTS (KOHA)
Koha item type წიგნი
ეგზემპლარები
Withdrawn status Lost status Damaged status Not for loan Date acquired Barcode Date last seen Price effective from Koha item type
        2018-12-17 9147 2018-12-17 2018-12-17 წიგნი